Understanding the science and practice of public health / (Record no. 99015)

MARC details
000 -LEADER
fixed length control field 03160cam a22003738i 4500
003 - CONTROL NUMBER IDENTIFIER
control field URS
005 - DATE AND TIME OF LATEST TRANSACTION
control field 20260313215407.0
008 - FIXED-LENGTH DATA ELEMENTS--GENERAL INFORMATION
fixed length control field 230222s2023 cau b 001 0 eng
020 ## - INTERNATIONAL STANDARD BOOK NUMBER
International Standard Book Number 978-1-11986-092-1
020 ## - INTERNATIONAL STANDARD BOOK NUMBER
Cancelled/invalid ISBN 9781119860945
040 ## - CATALOGING SOURCE
Language of cataloging English
Description conventions rda
Transcribing agency URS
050 00 - LIBRARY OF CONGRESS CALL NUMBER
Classification number RA425
Item number .C8834 2023
082 00 - DEWEY DECIMAL CLASSIFICATION NUMBER
Classification number 362.1
100 1# - MAIN ENTRY--PERSONAL NAME
Personal name Crosby, Richard A.,
Dates associated with a name 1959-
Relator term author.
245 10 - TITLE STATEMENT
Title Understanding the science and practice of public health /
Statement of responsibility, etc Richard Crosby.
250 ## - EDITION STATEMENT
Edition statement 1st edition.
263 ## - PROJECTED PUBLICATION DATE
Projected publication date 2307
264 #1 - PUBLICATION, DISTRIBUTION, ETC. (IMPRINT)
Place of publication, distribution, etc Hoboken, New Jersey :
Name of publisher, distributor, etc Jossey-Bass,
Date of publication, distribution, etc ©2023
300 ## - PHYSICAL DESCRIPTION
Extent 336 pages ;
Dimensions 27 cm.
336 ## - CONTENT TYPE
Content type term text
Content type code txt
Source rdacontent
337 ## - MEDIA TYPE
Media type term unmediated
Media type code n
Source rdamedia
338 ## - CARRIER TYPE
Carrier type term volume
Carrier type code nc
Source rdacarrier
504 ## - BIBLIOGRAPHY, ETC. NOTE
Bibliography, etc Includes bibliographical references and index.
505 0# - FORMATTED CONTENTS NOTE
Formatted contents note The COVID-19 pandemic : a portrait of an epidemic -- Changing lives a "million at a time" : public health is very different than the medical profession -- The evolution of public health practice -- How does pubic health work? : the example of tobacco control -- America's obesity and cardiovascular disease epidemics : possible health solutions -- Preventing diabetes : a public health priority -- Averting cancer rather than waiting to treat it -- Excessive alcohol use : how can it be reduced at a population level? -- Solving the U.S. opioid crisis : a public health challenge -- HIV in the United States : what else can we do? -- Preventing gun violence and promoting highway safety : a study in start contrasts -- Climate change : the importance of water -- Climate change : implications regarding food -- Overpopulation and prevention of unintended pregnancy -- Emerging diseases and the need for vaccine research. 
520 ## - SUMMARY, ETC.
Summary, etc "When the term civics is used in the context of education, most students and teachers in the United States think about the process of learning about the Constitution, the Bill of Rights, co-equal branches of the federal government, and the relationship of state governments to the larger functioning of the nation. Often, however, the approach to civics is less than applied, and the lessons may come across as irrelevant to students. It frequently is not apparent that governments - at all levels - are very much involved in one aspect of our daily lives: promoting and protecting the health of the public. With the year 2020 ushering a global pandemic into the lives of Americans, the term public health quickly became used in everyday language, the media, and the offices and meeting rooms of state and federal elected representatives. For most Americans, this was the first time in their lives that public health was not taken for granted"--
Assigning source Provided by publisher.
650 12 - SUBJECT ADDED ENTRY--TOPICAL TERM
Topical term or geographic name as entry element Public Health Practice
650 22 - SUBJECT ADDED ENTRY--TOPICAL TERM
Topical term or geographic name as entry element Noncommunicable Diseases
General subdivision prevention & control
650 22 - SUBJECT ADDED ENTRY--TOPICAL TERM
Topical term or geographic name as entry element Health Policy
650 22 - SUBJECT ADDED ENTRY--TOPICAL TERM
Topical term or geographic name as entry element Politics
650 22 - SUBJECT ADDED ENTRY--TOPICAL TERM
Topical term or geographic name as entry element Health Knowledge, Attitudes, Practice
651 #2 - SUBJECT ADDED ENTRY--GEOGRAPHIC NAME
Geographic name United States
776 08 - ADDITIONAL PHYSICAL FORM ENTRY
Display text Online version:
Main entry heading Crosby, Richard, 1959-
Title Understanding the science and practice of public health.
Place, publisher, and date of publication Hoboken, New Jersey : Jossey-Bass, [2023]
International Standard Book Number 9781119860945
Record control number (DLC) 2023008417
942 ## - ADDED ENTRY ELEMENTS (KOHA)
Source of classification or shelving scheme Library of Congress Classification
Koha item type Reserved Books
Holdings
Withdrawn status Lost status Source of classification or shelving scheme Damaged status Not for loan Collection code Home library Current library Shelving location Date acquired Source of acquisition Cost, normal purchase price Total Checkouts Full call number Barcode Date last seen Copy number Cost, replacement price Price effective from Koha item type
    Library of Congress Classification     Non-fiction Taytay College Library Taytay College Library Medicine Collection 03/13/2026 Purchased 7434.00   RA425 .C8834 2023 URSTAY-6015 03/13/2026 1 7434.00 03/13/2026 Reserved Books

University of Rizal System
Email us at univlibservices@urs.edu.ph

Visit our Website www.urs.edu.ph/library